Fernando Valls Taberner / Jordi Rubió i Balaguer
Descripción Física:
76 p., 2 làm. ; 25 cm
Materias:
Valls i Taberner, Ferran, -- 1888-1942
MARC
| LEADER | 00000nam a2200000Ia 4500 | ||
|---|---|---|---|
| 001 | 11349 | ||
| 008 | 160829s1967 xx 000 0 cat d | ||
| 080 | |a M-3-398 | ||
| 100 | 1 | |a Rubió i Balaguer, Jordi, |d 1887-1982 |9 23533 | |
| 245 | |a Fernando Valls Taberner / Jordi Rubió i Balaguer | ||
| 260 | |a Barcelona : |b (Imp. Casa Prov. de Caritat), |c 1967 | ||
| 300 | |a 76 p., 2 làm. ; |c 25 cm | ||
| 600 | 1 | 0 | |a Valls i Taberner, Ferran, |d 1888-1942 |9 34615 |
| 901 | |a Arxiu | ||
| 942 | |n 1 | ||
| 952 | |0 0 |1 0 |4 0 |6 M3398 |7 1 |9 42742 |a Arxiu |b Arxiu |d 2016-12-01 |l 0 |o M-3-398 |p 11349 |r 2016-12-01 00:00:00 |w 2016-12-01 |y ARXIU | ||
| 999 | |c 45248 |d 45248 | ||